00780 a2200217 450000500170000000800410001702000190005802000180007704000550009504100080015010000230015824500930018126000370027430000580031150400530036965000330042265000310045565000340048670000190052070000230053920140903174921.0130917s2013 enkad fr|||| 001 0 eng d a9781849207492  a9781849207508 aCO-BoUCMbspacJose A. GerenadAldemar Mondragón00aeng1 aParoutis, Sotirios10aPracticing Strategy Text and CasescSotirios Paroutis, Loizos heracleous, Duncan Angwin c2013bSAGEaLondres (Inglaterra) aix, 256 páginasbilustraciones, cuadros, gráficas aIncluye referencias bibliográficas e índices 7aAdminjistración industrial 7aEfectividad organizacional 7aPlanificación estratégica1 aAngwin, Duncan1 aHeracleous, Loizos